=LDR 00000nam 2200000 4500 =001 INLIS000000000032781 =005 20160413095505.0 =006 =007 =008 ind =035 ##$$0010-061300000032781 =041 ##$$a ind =082 ##$$a 813 =090 ##$$a 813, Des s =100 ##$$a Desai, Kiran =245 ##$$a Senja Di Himalaya , The Inherritence Of Loss, Kiran Desai =260 ##$$a 2007 $b Jakarta =300 ##$$a 543 hlm, 14.5 cm =650 ##$$a Fiksi Indonesia =850 ##$$a NBPNMAT =990 ##$$a 91316/BPAP-NTB/2014 =990 ##$$a 0001/BPAP-NTB/20142014